00337nam a2200121Ia 4500008004100000041000800041082001700049100002200066245004500088260003800133300003300171365001100204240624s9999 xx 000 0 und d aeng a658.4012 BHA aBHANDARI ARABINDA aSTRATEGIC MANAGEMENT A CONCEPTUAL FRAMEW c2013aNew DelhibTata McGraw-Hill axviii, : 680 : p. : cm. ; 26 cRSb33